Houbové pexeso

Jazyk: Čeština
Vydáno: [Praha] : Grada, [2014]
Témata:
Fyzický popis: 1 pexeso : barev. ; 28 x 41 cm, složeno na 28 x 21 cm
Grafika
Uloženo v:
LEADER 00725nkm a2200241 a 4500
001 001390829
003 CZ BrMZK
005 20140625131121.0
007 kf co
008 140528s2014 xr nnn e kncze
020 |q (Dvoulist) 
040 |a BOA001  |b cze 
080 |a 582.282/.284  |2 MRF 
080 |a (0.029)  |2 MRF 
245 0 0 |a Houbové pexeso  |h [grafika] 
260 |a [Praha] :  |b Grada,  |c [2014] 
300 |a 1 pexeso :  |b barev. ;  |c 28 x 41 cm, složeno na 28 x 21 cm 
650 0 7 |a houby  |7 ph114706  |2 czenas 
655 7 |a pexesa  |7 fd131880  |2 czenas 
910 |a BOA001  |b 4-1324.827 
990 |a GP 
991 |b 201406  |c NOV  |e n 
996 6 |b 2610593025  |c 4-1324.827  |l MZK  |r Sklad / do 1 hodiny  |n 1  |p p.v.  |w 001426447  |u 000010  |a 1  |e BOA001  |j MZK50  |s P